Možnosti využitia MES systémov v potravinárskom priemysle

Bibliographic Details
Main Author: Čvirik, Jozef (Author)
Format: Article
Language:Slovak
ISSN:1335-2237
Subjects:

MARC

LEADER 00000nab a2200000 a 4500
001 vtls008932452
003 SK-MaSNL
005 20260304145733.0
008 250505c2006 xo |||||||||||000 b|slo
015 |a SNBRB2007/01  |2 snkbucl 
035 |a (uuid)7bf90c84-8ee8-4da2-9096-b3a016edfc27 
035 |a urn:nbn:sk:snk-abc17m 
035 |a (urnnbn)urn:nbn:sk:snk:ar-001de7 
038 |a SNKBUCL 
040 |a SNKBUCL  |b slo  |c SNKBUCL  |e AACR2 
041 0 |a slo 
044 |a xo  |c SK 
080 |a 663/664:658.5.012.45  |2 1997 
080 |a 004.9  |2 1997 
080 |a 681.5  |2 1997 
080 |a 658.5.012.45  |2 1997 
100 1 |a Čvirik, Jozef  |4 aut  |9 310705 
245 1 0 |a Možnosti využitia MES systémov v potravinárskom priemysle  |c Jozef Čvirik 
650 0 7 |a potravinársky priemysel  |2 snkbucl  |9 974 
650 0 7 |a MES systémy  |2 snkbucl  |9 70183 
650 0 7 |a výrobné informačné systémy  |2 snkbucl  |9 1036504 
650 0 7 |a priemyselný softvér  |2 snkbucl  |9 859287 
773 0 |t AT&P journal  |g Roč. XIII, č. 8 (2006), s. 45  |x 1335-2237 
850 |a Slovenská národná knižnica 
852 |a Slovenská národná knižnica 
954 |a odborná, vedecká literatúra pôvodná (slovenská)  |2 lita 
958 |a article15 
958 |a OND 
958 |a EUIPO 
999 |c 2936655  |d 2938585